| 000 | 00421nam a2200157 i 4500 | ||
|---|---|---|---|
| 001 | bg | ||
| 100 | 1 | _aBITTEL, Heinz | |
| 245 | 0 |
_aRauschen : _beine Einführung zum Verständnis elektrischer Schwankungserscheinungen / _cHeinz Bittel, Leo Storm. |
|
| 260 |
_aBerlin, _c1971. |
||
| 700 | 1 | _aSTORM, Leo | |
| 040 | _cBPK | ||
| 041 | _apol | ||
| 080 | _a621.39 | ||
| 942 | _cKS | ||
| 008 | s pl f |000 0 pol | ||
| 999 |
_c15533 _d15533 |
||
| 856 |
_uhttp://koha.tu.koszalin.pl/cgi-bin/koha/opac-detail.pl?biblionumber=15533 _yKatalog online BPK |
||